Star Wars Rebels Season 4 Characters Quiz - Statistics

General Stats
  • This quiz has been taken 645 times
    520 since last reset
  • The average score is 17 of 32
Answer Stats
Number Hint Answer % Correct
1 Jedi in training Ezra Bridger
98%
3 Mandalorian girl Sabine Wren
95%
2 Blind Jedi Kanan Jarrus
94%
6 Orange droid Chopper
93%
5 Twi’lek Hera Syndulla
93%
17 Old Clone Rex
89%
4 Lasat Zeb Orrelios
89%
30 Anakin’s padawan Ahsoka Tano
82%
14 Grand Admiral Thrawn
81%
32 Pirate Hondo Ohnaka
78%
11 Sister of Duchess Satine Bo Katan Kryze
75%
31 Sith lord Palpatine
69%
27 Clone Gregor
64%
28 Clone Wolffe
60%
18 Ex-Imperial agent Kallus
58%
7 Founding member of the Rebels Mon Mothma
58%
8 Rebel from Rogue One Saw Gerrera
53%
19 Rebel pilot Wedge Antilles
52%
21 Founding member of the Rebels Bail Organa
50%
16 Governer Pryce
42%
9 Leader of Clan Wren Ursa Wren
39%
22 Rebel on Lothal Ryder
33%
26 Thrawn’s assassin Rukh
32%
15 Gar’s brother Tiber Saxon
32%
10 Brother of 3 Tristan Wren
29%
23 Smuggler from Season 1 Vizago
26%
13 Mandalorian Fenn Rau
21%
20 Rebel general Jan Dodonna
20%
24 Ex-Imperial Academy student Jai Kell
14%
29 3’s friend Ketsu
14%
12 Husband of 9 Alrich Wren
10%
25 Barman at Old Jho Valen Rudor
6%
No matching quizzes found
Score Distribution
Percent of People with Each Score
Percentile by Number Answered
Your Score History
You have not taken this quiz since the last reset